[Event "Groningen Festival 2018"]
[Site "Groningen"]
[Date "2018.12.29"]
[Round "8"]
[White "Maatman, Nick"]
[Black "Krasenkow, Michal"]
[Result "1-0"]
[WhiteElo "2363"]
[BlackElo "2630"]
[Annotator "ChessBase"]
[PlyCount "163"]
[EventDate "2018.12.22"]
[EventType "swiss"]
[EventCountry "NED"]
[SourceTitle "playchess.com"]
[Source "ChessBase"]
[SourceQuality "1"]
[TimeControl "40/5400+30:1800+30"]

1. d4 {[%emt 0:03:56]} d5 {[%emt 0:00:00]} 2. c4 {[%emt 0:00:07]} e6 {[%emt 0:00:00]} 3. Nc3 {[%emt 0:00:33]} c6 {[%emt 0:00:02]} 4. Nf3 {[%emt 0:00:10]} Nf6 {[%emt 0:00:05]} 5. Bg5 {[%emt 0:00:19]} Nbd7 {[%emt 0:00:35]} 6. cxd5 {[%emt 0:00:13]} exd5 {[%emt 0:00:05]} 7. e3 {[%emt 0:00:57]} h6 {[%emt 0:06:01]} 8. Bh4 {[%emt 0:00:30]} g5 {[%emt 0:00:08]} 9. Bg3 {[%emt 0:00:05]} Nh5 {[%emt 0:00:04]} 10. Bd3 {[%emt 0:14:05]} Nxg3 {[%emt 0:06:50]} 11. hxg3 {[%emt 0:00:02]} Bg7 {[%emt 0:01:30]} 12. Qc2 {[%emt 0:08:56]} Nb6 {[%emt 0:01:14]} 13. O-O-O {[%emt 0:05:43]} Be6 {[%emt 0:03:08]} 14. Kb1 {[%emt 0:00:51]} Qe7 {[%emt 0:02:50]} 15. Rc1 {[%emt 0:12:50]} Nc4 {[%emt 0:11:43]} 16. Nd2 {[%emt 0:07:21]} Nd6 {[%emt 0:06:43]} 17. Na4 {[%emt 0:03:25]} f5 {[%emt 0:04:03]} 18. Nc5 {[%emt 0:03:54]} O-O {[%emt 0:04:41]} 19. Nf3 {[%emt 0:03:33]} Ne4 {[%emt 0:02:44]} 20. Nxe6 {[%emt 0:06:15]} Qxe6 {[%emt 0:00:39]} 21. Ne5 {[%emt 0:06:38]} Rac8 {[%emt 0:21:16]} 22. g4 {[%emt 0:04:23]} fxg4 {[%emt 0:03:33]} 23. f3 {[%emt 0:01:56]} Bxe5 {[%emt 0:04:43]} 24. fxe4 {[%emt 0:00:22]} Bg7 {[%emt 0:00:07]} 25. e5 {[%emt 0:00:19]} c5 {[%emt 0:01:00]} 26. Rhf1 {[%emt 0:01:26]} Rxf1 {[%emt 0:07:28]} 27. Rxf1 {[%emt 0:00:24]} Qb6 {[%emt 0:00:19]} 28. Bf5 {[%emt 0:01:43]} Rc7 {[%emt 0:00:55]} 29. dxc5 {[%emt 0:06:45]} Qa6 {[%emt 0:03:40]} 30. Rd1 {[%emt 0:01:05]} Bxe5 {[%emt 0:00:22]} 31. Rxd5 {[%emt 0:00:35]} Qf6 {[%emt 0:02:24]} 32. Bxg4 {[%emt 0:01:17]} Kg7 {[%emt 0:00:09]} 33. Bf3 {[%emt 0:00:28]} Re7 {[%emt 0:00:56]} 34. Rd1 {[%emt 0:00:55]} Bg3 {[%emt 0:01:34]} 35. Bd5 {[%emt 0:01:56]} Rxe3 {[%emt 0:02:10]} 36. Bxb7 {[%emt 0:00:22]} Re7 {[%emt 0:00:10]} 37. Bf3 {[%emt 0:00:10]} Qg6 {[%emt 0:02:05]} 38. c6 {[%emt 0:00:20]} h5 {[%emt 0:00:50]} 39. Rd7 {[%emt 0:01:07]} Rxd7 {[%emt 0:01:46]} 40. cxd7 {[%emt 0:00:15]} Bc7 {[%emt 0:00:37]} 41. Bxh5 {[%emt 0:08:05]} Qxc2+ {[%emt 0:06:42]} 42. Kxc2 {[%emt 0:00:05]} Kf6 {[%emt 0:00:03]} 43. Kd3 {[%emt 0:01:38]} Ke6 {[%emt 0:00:07]} 44. Bg4+ {[%emt 0:00:05]} Kd5 {[%emt 0:00:25]} 45. b4 {[%emt 0:04:17]} Bb6 {[%emt 0:02:15]} 46. a4 {[%emt 0:00:55]} a5 {[%emt 0:00:08]} 47. bxa5 {[%emt 0:03:59]} Bxa5 {[%emt 0:00:02]} 48. Ke3 {[%emt 0:00:11]} Ke5 {[%emt 0:10:52]} 49. Kf3 {[%emt 0:00:23]} Bd8 {[%emt 0:00:55]} 50. Bh3 {[%emt 0:00:11]} Ba5 {[%emt 0:01:49]} 51. Kg4 {[%emt 0:00:20]} Kf6 {[%emt 0:00:04]} 52. Kh5 {[%emt 0:00:09]} Bd8 {[%emt 0:01:30]} 53. Kh6 {[%emt 0:00:32]} Ba5 {[%emt 0:00:44]} 54. Bg4 {[%emt 0:00:07]} Bd8 {[%emt 0:00:08]} 55. Be2 {[%emt 0:01:23]} Ke6 {[%emt 0:00:47]} 56. Bb5 {[%emt 0:00:27]} Kf6 {[%emt 0:00:02]} 57. Kh7 {[%emt 0:03:00]} Kf7 {[%emt 0:00:06]} 58. g4 {[%emt 0:02:02]} Ba5 {[%emt 0:05:17]} 59. Bc4+ {[%emt 0:00:18]} Kf6 {[%emt 0:00:42]} 60. Kg8 {[%emt 0:00:51]} Ke7 {[%emt 0:00:10]} 61. Bb5 {[%emt 0:00:04]} Bb6 {[%emt 0:01:23]} 62. Kg7 {[%emt 0:00:47]} Bd8 {[%emt 0:00:08]} 63. Kg6 {[%emt 0:00:26]} Ke6 {[%emt 0:00:07]} 64. Bc6 {[%emt 0:02:23]} Ke7 {[%emt 0:01:49]} 65. Kf5 {[%emt 0:00:59]} Kd6 {[%emt 0:00:13]} 66. Bb5 {[%emt 0:00:06]} Kd5 {[%emt 0:00:08]} 67. a5 {[%emt 0:03:49]} Bxa5 {[%emt 0:00:08]} 68. Kxg5 {[%emt 0:00:03]} Ke6 {[%emt 0:00:23]} 69. Kh6 {[%emt 0:02:29]} Ke7 {[%emt 0:00:12]} 70. g5 {[%emt 0:00:37]} Bd2 {[%emt 0:00:05]} 71. Kh5 {[%emt 0:00:57]} Bc3 {[%emt 0:00:05]} 72. Kg6 {[%emt 0:02:19]} Bd2 {[%emt 0:00:06]} 73. Kf5 {[%emt 0:00:30]} Be3 {[%emt 0:04:58]} 74. g6 {[%emt 0:00:10]} Bd4 {[%emt 0:00:36]} 75. Ke4 {[%emt 0:00:15]} Bb6 {[%emt 0:00:19]} 76. Kd5 {[%emt 0:01:58]} Kf6 {[%emt 0:00:24]} 77. Bd3 {[%emt 0:00:05]} Ba5 {[%emt 0:00:57]} 78. Kc6 {[%emt 0:00:06]} Ke6 {[%emt 0:00:12]} 79. Kb7 {[%emt 0:00:48]} Ke7 {[%emt 0:00:49]} 80. Kc8 {[%emt 0:00:04]} Bb6 {[%emt 0:00:04]} 81. Be2 {[%emt 0:00:53]} Ba5 {[%emt 0:00:10]} 82. Bh5 {[%emt 0:00:10]} 1-0

[Event "Groningen Festival 2018"]
[Site "Groningen"]
[Date "2018.12.29"]
[Round "8"]
[White "Cerveny, Martin"]
[Black "Ashwath, R.."]
[Result "1-0"]
[WhiteElo "2347"]
[BlackElo "2314"]
[Annotator "NA"]
[PlyCount "145"]
[EventDate "2018.12.22"]
[EventType "swiss"]
[EventCountry "NED"]
[SourceTitle "playchess.com"]
[Source "ChessBase"]
[SourceQuality "1"]
[TimeControl "40/5400+30:1800+30"]

1. d4 {[%emt 0:00:00]} Nf6 {[%emt 0:01:44]} 2. Nf3 {[%emt 0:00:00]} d5 {[%emt 0:00:23]} 3. c4 {[%emt 0:00:00]} e6 {[%emt 0:00:03]} 4. Nc3 {[%emt 0:00:00]} Bb4 {[%emt 0:00:10]} 5. cxd5 {[%emt 0:01:01]} exd5 {[%emt 0:00:11]} 6. Bg5 {[%emt 0:00:06]} Nbd7 {[%emt 0:00:16]} 7. e3 {[%emt 0:00:13]} c5 {[%emt 0:00:28]} 8. Bd3 {[%emt 0:00:07]} Qa5 {[%emt 0:00:52]} 9. Qc2 {[%emt 0:00:08]} c4 {[%emt 0:00:35]} 10. Bf5 {[%emt 0:00:06]} O-O {[%emt 0:00:12]} 11. O-O {[%emt 0:00:05]} Re8 {[%emt 0:00:26]} 12. Nd2 {[%emt 0:00:34]} g6 {[%emt 0:05:28]} 13. Bh3 {[%emt 0:00:22]} Bxc3 {[%emt 0:01:52]} 14. Qxc3 {[%emt 0:00:53]} Qxc3 {[%emt 0:00:49]} 15. bxc3 {[%emt 0:00:02]} Ne4 {[%emt 0:00:53]} 16. Nxe4 {[%emt 0:00:06]} dxe4 {[%emt 0:01:07]} 17. Bg4 {[%emt 0:00:11]} Nb6 {[%emt 0:03:47]} 18. Be2 {[%emt 0:03:03]} Be6 {[%emt 0:10:37]} 19. Rab1 {[%emt 0:00:15]} Rac8 {[%emt 0:00:53]} 20. Rfc1 {[%emt 0:00:07]} Rc7 {[%emt 0:02:12]} 21. Bf4 {[%emt 0:15:07]} Rd7 {[%emt 0:02:07]} 22. Bg3 {[%emt 0:00:34]} Rc8 {[%emt 0:08:28]} 23. Rb4 {[%emt 0:01:40]} Rc6 {[%emt 0:02:35]} 24. a4 {[%emt 0:08:40]} Nd5 {[%emt 0:06:46]} 25. Rb5 {[%emt 0:06:08]} b6 {[%emt 0:01:57]} 26. f3 {[%emt 0:04:39]} f5 {[%emt 0:07:20]} 27. Kf2 {[%emt 0:00:23]} a6 {[%emt 0:02:19]} 28. Rbb1 {[%emt 0:00:34]} Rb7 {[%emt 0:02:39]} 29. Be5 {[%emt 0:00:11]} Rc8 {[%emt 0:04:24]} 30. g4 {[%emt 0:06:14]} b5 {[%emt 0:04:25]} 31. gxf5 {[%emt 0:06:45]} Bxf5 {[%emt 0:01:39]} 32. h4 {[%emt 0:01:17]} h5 {[%emt 0:05:08]} 33. f4 {[%emt 0:04:28]} Kh7 {[%emt 0:01:31]} 34. Bf1 {[%emt 0:01:52]} Be6 {[%emt 0:06:01]} 35. Bd6 {[%emt 0:00:30]} Rd8 {[%emt 0:05:46]} 36. Ba3 {[%emt 0:00:13]} Rdb8 {[%emt 0:00:39]} 37. Bd6 {[%emt 0:01:04]} Rd8 {[%emt 0:00:04]} 38. Bc5 {[%emt 0:00:06]} Rdb8 {[%emt 0:01:17]} 39. a5 {[%emt 0:00:33]} Ne7 {[%emt 0:08:19]} 40. Bg2 {[%emt 0:00:53]} Bd5 {[%emt 0:00:46]} 41. Bh3 {[%emt 0:31:27]} Nf5 {[%emt 0:08:30]} 42. Rg1 {[%emt 0:00:00]} Rf7 {[%emt 0:05:47]} 43. Rg5 {[%emt 0:00:00]} Rd8 {[%emt 0:02:46]} 44. Rh1 {[%emt 0:00:00]} Be6 {[%emt 0:02:22]} 45. Bg2 {[%emt 0:00:00]} Bd5 {[%emt 0:00:24]} 46. Bf1 {[%emt 0:00:00]} Nh6 {[%emt 0:03:53]} 47. Be2 {[%emt 0:00:00]} Rf5 {[%emt 0:02:04]} 48. Rg2 {[%emt 0:00:00]} Be6 {[%emt 0:00:38]} 49. Rhg1 {[%emt 0:00:00]} Rg8 {[%emt 0:00:07]} 50. Ke1 {[%emt 0:00:00]} Rd5 {[%emt 0:00:35]} 51. Kd2 {[%emt 0:00:00]} Nf5 {[%emt 0:03:58]} 52. Rg5 {[%emt 0:00:00]} Bf7 {[%emt 0:03:40]} 53. Bb4 {[%emt 0:00:00]} Rgd8 {[%emt 0:00:29]} 54. Rh1 {[%emt 0:00:00]} Nh6 {[%emt 0:00:53]} 55. Re5 {[%emt 0:00:00]} Rxe5 {[%emt 0:01:11]} 56. fxe5 {[%emt 0:00:00]} Be6 {[%emt 0:01:49]} 57. Rf1 {[%emt 0:00:00]} Bf5 {[%emt 0:00:29]} 58. Ke1 {[%emt 0:00:00]} Ng4 {[%emt 0:01:17]} 59. Bxg4 {[%emt 0:00:00]} hxg4 {[%emt 0:00:02]} 60. Kf2 {[%emt 0:00:00]} Kh6 {[%emt 0:00:43]} 61. Kg3 {[%emt 0:00:00]} Kh5 {[%emt 0:00:41]} 62. Be7 {[%emt 0:00:00]} Rd7 {[%emt 0:00:34]} 63. Bg5 {[%emt 0:00:00]} b4 {[%emt 0:00:50]} 64. cxb4 {[%emt 0:00:00]} c3 {[%emt 0:00:33]} 65. Rc1 {[%emt 0:00:00]} Rc7 {[%emt 0:00:22]} 66. d5 {[%emt 0:00:00]} c2 {[%emt 0:00:12]} 67. e6 {[%emt 0:00:00]} Rc3 {[%emt 0:00:31]} 68. b5 {[%emt 0:00:00]} Rc5 {[%emt 0:00:55]} 69. e7 {[%emt 0:00:00]} Bd7 {[%emt 0:00:29]} 70. bxa6 {[%emt 0:00:00]} Rxd5 {[%emt 0:00:37]} 71. Rxc2 {[%emt 0:00:00]} Be8 {[%emt 0:00:29]} 72. Rf2 {[%emt 0:00:19]} Rd1 {[%emt 0:00:29]} 73. Rf8 {[%emt 0:00:16]} 1-0

[Event "Groningen Festival 2018"]
[Site "Groningen"]
[Date "2018.12.29"]
[Round "8"]
[White "De Jong, Migchiel"]
[Black "Kollen, Zyon"]
[Result "1-0"]
[WhiteElo "2323"]
[BlackElo "2363"]
[Annotator "NA"]
[PlyCount "139"]
[EventDate "2018.12.22"]
[EventType "swiss"]
[EventCountry "NED"]
[SourceTitle "playchess.com"]
[Source "ChessBase"]
[SourceQuality "1"]
[TimeControl "40/5400+30:1800+30"]

1. e4 {[%emt 0:00:00]} e6 {[%emt 0:00:00]} 2. d4 {[%emt 0:00:26]} d5 {[%emt 0:00:00]} 3. Nc3 {[%emt 0:00:36]} Bb4 {[%emt 0:00:00]} 4. Nge2 {[%emt 0:01:16]} Nf6 {[%emt 0:00:00]} 5. e5 {[%emt 0:00:41]} Nfd7 {[%emt 0:00:00]} 6. a3 {[%emt 0:01:02]} Be7 {[%emt 0:00:05]} 7. f4 {[%emt 0:00:18]} c5 {[%emt 0:03:25]} 8. Be3 {[%emt 0:00:17]} Nc6 {[%emt 0:03:34]} 9. dxc5 {[%emt 0:01:22]} Nxc5 {[%emt 0:03:03]} 10. Nd4 {[%emt 0:00:27]} a6 {[%emt 0:04:49]} 11. Be2 {[%emt 0:05:35]} Bd7 {[%emt 0:05:08]} 12. O-O {[%emt 0:01:35]} Nxd4 {[%emt 0:14:11]} 13. Bxd4 {[%emt 0:00:11]} Na4 {[%emt 0:04:56]} 14. Nxa4 {[%emt 0:07:40]} Bxa4 {[%emt 0:00:04]} 15. b3 {[%emt 0:05:19]} Bd7 {[%emt 0:06:05]} 16. Bd3 {[%emt 0:02:16]} Qc8 {[%emt 0:07:40]} 17. Kh1 {[%emt 0:06:40]} Bc5 {[%emt 0:10:00]} 18. c3 {[%emt 0:01:43]} Bxd4 {[%emt 0:05:07]} 19. cxd4 {[%emt 0:00:08]} Qc3 {[%emt 0:00:50]} 20. f5 {[%emt 0:03:58]} exf5 {[%emt 0:01:59]} 21. Bxf5 {[%emt 0:03:56]} Bxf5 {[%emt 0:05:04]} 22. Rxf5 {[%emt 0:00:09]} Rc8 {[%emt 0:01:36]} 23. Rf3 {[%emt 0:01:20]} Qc2 {[%emt 0:01:19]} 24. Qe1 {[%emt 0:00:55]} Rc6 {[%emt 0:06:03]} 25. Qb4 {[%emt 0:02:11]} Rg6 {[%emt 0:07:46]} 26. Rg3 {[%emt 0:01:00]} Rxg3 {[%emt 0:02:51]} 27. hxg3 {[%emt 0:00:06]} Qc7 {[%emt 0:01:22]} 28. Rf1 {[%emt 0:02:36]} h5 {[%emt 0:00:14]} 29. Qa4+ {[%emt 0:03:15]} Qc6 {[%emt 0:01:55]} 30. Rc1 {[%emt 0:01:24]} Qxa4 {[%emt 0:01:48]} 31. bxa4 {[%emt 0:00:06]} Rh6 {[%emt 0:00:16]} 32. Rc5 {[%emt 0:02:13]} h4 {[%emt 0:00:23]} 33. Kh2 {[%emt 0:00:47]} hxg3+ {[%emt 0:01:04]} 34. Kxg3 {[%emt 0:00:07]} Rb6 {[%emt 0:00:04]} 35. Rxd5 {[%emt 0:00:14]} Rb3+ {[%emt 0:00:13]} 36. Kf4 {[%emt 0:00:18]} Rxa3 {[%emt 0:01:56]} 37. a5 {[%emt 0:00:09]} Ra4 {[%emt 0:02:41]} 38. g4 {[%emt 0:00:30]} Ke7 {[%emt 0:00:48]} 39. g5 {[%emt 0:00:40]} g6 {[%emt 0:00:16]} 40. Ke4 {[%emt 0:00:11]} Ra1 {[%emt 0:00:29]} 41. Rd6 {[%emt 0:31:00]} Rb1 {[%emt 0:07:01]} 42. Rf6 {[%emt 0:00:00]} Rb5 {[%emt 0:04:48]} 43. Kd3 {[%emt 0:00:00]} Rb1 {[%emt 0:01:07]} 44. Kc4 {[%emt 0:00:00]} Rc1+ {[%emt 0:02:14]} 45. Kd5 {[%emt 0:00:00]} Rb1 {[%emt 0:00:15]} 46. Ke4 {[%emt 0:00:00]} Re1+ {[%emt 0:00:48]} 47. Kd5 {[%emt 0:00:00]} Rb1 {[%emt 0:00:12]} 48. Kc5 {[%emt 0:00:00]} Rb5+ {[%emt 0:00:08]} 49. Kc4 {[%emt 0:00:00]} Rb1 {[%emt 0:13:53]} 50. d5 {[%emt 0:00:00]} Rc1+ {[%emt 0:01:02]} 51. Kd4 {[%emt 0:00:00]} Rd1+ {[%emt 0:03:42]} 52. Kc5 {[%emt 0:00:00]} Rb1 {[%emt 0:00:26]} 53. Rb6 {[%emt 0:00:00]} Rc1+ {[%emt 0:00:07]} 54. Kd4 {[%emt 0:00:00]} Rd1+ {[%emt 0:00:09]} 55. Ke4 {[%emt 0:00:00]} Re1+ {[%emt 0:00:09]} 56. Kf4 {[%emt 0:01:22]} Rf1+ {[%emt 0:00:19]} 57. Kg3 {[%emt 0:01:46]} Rg1+ {[%emt 0:00:13]} 58. Kf3 {[%emt 0:01:11]} Rxg5 {[%emt 0:02:30]} 59. Rxb7+ {[%emt 0:00:12]} Ke8 {[%emt 0:00:13]} 60. Kf4 {[%emt 0:00:28]} Rf5+ {[%emt 0:00:54]} 61. Ke4 {[%emt 0:00:07]} Rf1 {[%emt 0:00:15]} 62. d6 {[%emt 0:00:45]} Ra1 {[%emt 0:00:50]} 63. Kd5 {[%emt 0:00:23]} Rd1+ {[%emt 0:00:13]} 64. Kc6 {[%emt 0:00:26]} Rc1+ {[%emt 0:00:06]} 65. Kb6 {[%emt 0:00:17]} g5 {[%emt 0:00:27]} 66. Re7+ {[%emt 0:00:32]} Kf8 {[%emt 0:00:08]} 67. Rc7 {[%emt 0:00:08]} Rb1+ {[%emt 0:01:23]} 68. Kxa6 {[%emt 0:00:15]} g4 {[%emt 0:00:04]} 69. Rc8+ {[%emt 0:00:11]} Kg7 {[%emt 0:00:05]} 70. d7 {[%emt 0:00:06]} 1-0

[Event "Groningen Festival 2018"]
[Site "Groningen"]
[Date "2018.12.29"]
[Round "8"]
[White "Kabos, Tobias"]
[Black "Kislinsky, Alexey"]
[Result "1/2-1/2"]
[WhiteElo "2299"]
[BlackElo "2425"]
[Annotator "NA"]
[PlyCount "56"]
[EventDate "2018.12.22"]
[EventType "swiss"]
[EventCountry "NED"]
[SourceTitle "playchess.com"]
[Source "ChessBase"]
[SourceQuality "1"]
[TimeControl "40/5400+30:1800+30"]

1. d4 {[%emt 0:00:00]} Nf6 {[%emt 0:05:49]} 2. c4 {[%emt 0:00:00]} c5 {[%emt 0:00:14]} 3. d5 {[%emt 0:00:33]} b5 {[%emt 0:00:07]} 4. cxb5 {[%emt 0:00:48]} a6 {[%emt 0:00:05]} 5. bxa6 {[%emt 0:01:05]} g6 {[%emt 0:00:08]} 6. Nc3 {[%emt 0:00:48]} Bxa6 {[%emt 0:00:44]} 7. Nf3 {[%emt 0:00:49]} d6 {[%emt 0:00:16]} 8. e4 {[%emt 0:00:37]} Bxf1 {[%emt 0:00:10]} 9. Kxf1 {[%emt 0:00:10]} Bg7 {[%emt 0:00:07]} 10. g3 {[%emt 0:00:19]} O-O {[%emt 0:00:11]} 11. Kg2 {[%emt 0:00:09]} Qb6 {[%emt 0:00:14]} 12. a4 {[%emt 0:01:56]} Na6 {[%emt 0:00:47]} 13. a5 {[%emt 0:02:00]} Qb7 {[%emt 0:04:32]} 14. Nd2 {[%emt 0:02:00]} Nb4 {[%emt 0:04:38]} 15. Nc4 {[%emt 0:01:43]} Qa6 {[%emt 0:01:58]} 16. Nb6 {[%emt 0:10:39]} Ra7 {[%emt 0:02:46]} 17. Qa4 {[%emt 0:21:56]} Ng4 {[%emt 0:11:33]} 18. h3 {[%emt 0:18:32]} Nxf2 {[%emt 0:06:27]} 19. Kxf2 {[%emt 0:00:31]} Bd4+ {[%emt 0:00:13]} 20. Kg2 {[%emt 0:16:05]} Bxc3 {[%emt 0:00:25]} 21. bxc3 {[%emt 0:01:06]} Qe2+ {[%emt 0:00:09]} 22. Kg1 {[%emt 0:00:06]} Qe1+ {[%emt 0:03:45]} 23. Kg2 {[%emt 0:00:11]} Qxe4+ {[%emt 0:00:08]} 24. Kh2 {[%emt 0:02:16]} Qe2+ {[%emt 0:00:09]} 25. Kg1 {[%emt 0:00:08]} Qe1+ {[%emt 0:20:15]} 26. Kg2 {[%emt 0:00:10]} Qe4+ {[%emt 0:00:07]} 27. Kh2 {[%emt 0:01:00]} Qe2+ {[%emt 0:03:40]} 28. Kg1 {[%emt 0:00:11]} Qe1+ {[%emt 0:02:57]} 1/2-1/2

[Event "Groningen Festival 2018"]
[Site "Groningen"]
[Date "2018.12.29"]
[Round "8"]
[White "Baum, Bernd"]
[Black "Beerdsen, Thomas"]
[Result "1/2-1/2"]
[WhiteElo "2252"]
[BlackElo "2477"]
[Annotator "ChessBase"]
[PlyCount "130"]
[EventDate "2018.12.22"]
[EventType "swiss"]
[EventCountry "NED"]
[SourceTitle "playchess.com"]
[Source "ChessBase"]
[SourceQuality "1"]
[TimeControl "40/5400+30:1800+30"]

1. g3 {[%emt 0:00:00]} f5 {[%emt 0:00:00]} 2. c4 {[%emt 0:00:47]} Nf6 {[%emt 0:00:07]} 3. Nc3 {[%emt 0:00:20]} g6 {[%emt 0:00:19]} 4. Bg2 {[%emt 0:00:18]} Bg7 {[%emt 0:00:35]} 5. d3 {[%emt 0:02:33]} O-O {[%emt 0:01:34]} 6. e3 {[%emt 0:01:59]} e5 {[%emt 0:02:51]} 7. Nge2 {[%emt 0:00:04]} Nc6 {[%emt 0:01:35]} 8. O-O {[%emt 0:00:14]} d6 {[%emt 0:01:40]} 9. Rb1 {[%emt 0:00:36]} g5 {[%emt 0:09:01]} 10. f4 {[%emt 0:02:55]} exf4 {[%emt 0:04:20]} 11. exf4 {[%emt 0:05:19]} g4 {[%emt 0:06:44]} 12. d4 {[%emt 0:03:15]} a5 {[%emt 0:10:44]} 13. d5 {[%emt 0:17:46]} Nb8 {[%emt 0:01:15]} 14. Be3 {[%emt 0:04:24]} Re8 {[%emt 0:01:43]} 15. Bf2 {[%emt 0:01:10]} Nbd7 {[%emt 0:02:18]} 16. Qc2 {[%emt 0:09:47]} Nc5 {[%emt 0:01:39]} 17. Rfe1 {[%emt 0:05:30]} Nfe4 {[%emt 0:04:18]} 18. Bd4 {[%emt 0:03:52]} Bd7 {[%emt 0:06:52]} 19. Bxg7 {[%emt 0:02:36]} Kxg7 {[%emt 0:00:05]} 20. Nxe4 {[%emt 0:03:04]} Nxe4 {[%emt 0:00:11]} 21. Nc3 {[%emt 0:01:36]} Nc5 {[%emt 0:04:20]} 22. Rxe8 {[%emt 0:06:20]} Bxe8 {[%emt 0:02:49]} 23. Re1 {[%emt 0:12:11]} Qf6 {[%emt 0:00:31]} 24. Qd2 {[%emt 0:00:25]} Bd7 {[%emt 0:00:58]} 25. Nd1 {[%emt 0:03:34]} a4 {[%emt 0:03:08]} 26. Qc3 {[%emt 0:01:44]} Kf7 {[%emt 0:05:54]} 27. Bf1 {[%emt 0:03:55]} h5 {[%emt 0:06:42]} 28. Qxf6+ {[%emt 0:02:11]} Kxf6 {[%emt 0:00:06]} 29. Nc3 {[%emt 0:00:48]} h4 {[%emt 0:03:51]} 30. Re3 {[%emt 0:01:29]} h3 {[%emt 0:04:30]} 31. a3 {[%emt 0:01:09]} Ra6 {[%emt 0:01:05]} 32. Re2 {[%emt 0:02:01]} Nb3 {[%emt 0:01:31]} 33. Rf2 {[%emt 0:01:22]} Nd4 {[%emt 0:01:43]} 34. Be2 {[%emt 0:00:13]} Ra5 {[%emt 0:01:03]} 35. Kf1 {[%emt 0:00:55]} Rc5 {[%emt 0:02:59]} 36. Bd3 {[%emt 0:00:01]} Kg6 {[%emt 0:07:01]} 37. Nxa4 {[%emt 0:00:56]} Ra5 {[%emt 0:01:00]} 38. Nc3 {[%emt 0:00:06]} Ra8 {[%emt 0:00:14]} 39. Ne2 {[%emt 0:00:29]} Nf3 {[%emt 0:00:52]} 40. Ng1 {[%emt 0:00:04]} Nd4 {[%emt 0:00:12]} 41. Ne2 {[%emt 0:10:47]} Nf3 {[%emt 0:00:30]} 42. Nc3 {[%emt 0:03:12]} c5 {[%emt 0:03:24]} 43. dxc6 {[%emt 0:01:06]} Bxc6 {[%emt 0:00:19]} 44. Be2 {[%emt 0:02:41]} Nd4 {[%emt 0:02:49]} 45. Bd1 {[%emt 0:00:12]} Bg2+ {[%emt 0:02:36]} 46. Ke1 {[%emt 0:04:07]} Re8+ {[%emt 0:05:18]} 47. Kd2 {[%emt 0:00:01]} Nf3+ {[%emt 0:03:22]} 48. Bxf3 {[%emt 0:00:39]} gxf3 {[%emt 0:00:14]} 49. b3 {[%emt 0:06:06]} Kf7 {[%emt 0:01:30]} 50. Nd5 {[%emt 0:03:45]} Rg8 {[%emt 0:00:38]} 51. Ne3 {[%emt 0:01:02]} Ke6 {[%emt 0:00:30]} 52. Nf1 {[%emt 0:01:43]} d5 {[%emt 0:01:57]} 53. cxd5+ {[%emt 0:00:01]} Kxd5 {[%emt 0:00:06]} 54. Kd3 {[%emt 0:00:25]} Rc8 {[%emt 0:00:34]} 55. Nd2 {[%emt 0:01:01]} Rc1 {[%emt 0:00:47]} 56. Nxf3 {[%emt 0:00:45]} Rh1 {[%emt 0:00:34]} 57. Ke3 {[%emt 0:00:30]} Bxf3 {[%emt 0:01:46]} 58. Kxf3 {[%emt 0:00:39]} Rb1 {[%emt 0:00:04]} 59. Rd2+ {[%emt 0:00:21]} Ke6 {[%emt 0:00:21]} 60. Re2+ {[%emt 0:00:44]} Kf6 {[%emt 0:00:22]} 61. Re3 {[%emt 0:00:35]} Rf1+ {[%emt 0:00:09]} 62. Ke2 {[%emt 0:00:16]} Rh1 {[%emt 0:00:05]} 63. Kf3 {[%emt 0:00:44]} Rf1+ {[%emt 0:02:52]} 64. Ke2 {[%emt 0:00:03]} Rh1 {[%emt 0:00:04]} 65. Kf3 {[%emt 0:00:12]} Rf1+ {[%emt 0:00:11]} 1/2-1/2

[Event "Groningen Festival 2018"]
[Site "Groningen"]
[Date "2018.12.29"]
[Round "8"]
[White "Van Meegen, Ruud"]
[Black "Lahaye, Rick"]
[Result "0-1"]
[WhiteElo "2230"]
[BlackElo "2404"]
[Annotator "NA"]
[PlyCount "66"]
[EventDate "2018.12.22"]
[EventType "swiss"]
[EventCountry "NED"]
[SourceTitle "playchess.com"]
[Source "ChessBase"]
[SourceQuality "1"]
[TimeControl "40/5400+30:1800+30"]

1. c4 {[%emt 0:00:00]} e6 {[%emt 0:00:00]} 2. Nc3 {[%emt 0:00:00]} d5 {[%emt 0:00:00]} 3. d4 {[%emt 0:00:00]} Nf6 {[%emt 0:00:14]} 4. cxd5 {[%emt 0:00:07]} exd5 {[%emt 0:00:05]} 5. Bg5 {[%emt 0:00:09]} Be7 {[%emt 0:00:05]} 6. e3 {[%emt 0:00:15]} Nbd7 {[%emt 0:00:07]} 7. Bd3 {[%emt 0:00:27]} Nf8 {[%emt 0:00:12]} 8. Nge2 {[%emt 0:00:51]} Ne6 {[%emt 0:00:08]} 9. Bh4 {[%emt 0:00:13]} g6 {[%emt 0:00:49]} 10. f3 {[%emt 0:00:27]} O-O {[%emt 0:00:26]} 11. O-O {[%emt 0:02:29]} b6 {[%emt 0:07:53]} 12. Bf2 {[%emt 0:00:22]} Bb7 {[%emt 0:03:01]} 13. Kh1 {[%emt 0:00:34]} c5 {[%emt 0:00:36]} 14. Bc2 {[%emt 0:06:13]} Rc8 {[%emt 0:06:21]} 15. Rc1 {[%emt 0:15:50]} a6 {[%emt 0:03:23]} 16. dxc5 {[%emt 0:02:48]} bxc5 {[%emt 0:04:39]} 17. Bb3 {[%emt 0:07:09]} Qb6 {[%emt 0:15:39]} 18. Bxd5 {[%emt 0:05:07]} Nxd5 {[%emt 0:06:24]} 19. Nxd5 {[%emt 0:00:08]} Bxd5 {[%emt 0:00:03]} 20. Qxd5 {[%emt 0:00:09]} Qxb2 {[%emt 0:00:08]} 21. Qc4 {[%emt 0:02:19]} Qb5 {[%emt 0:02:10]} 22. a4 {[%emt 0:19:18]} Qxc4 {[%emt 0:01:32]} 23. Rxc4 {[%emt 0:00:05]} Rb8 {[%emt 0:00:04]} 24. Rfc1 {[%emt 0:08:54]} Rfd8 {[%emt 0:00:51]} 25. Be1 {[%emt 0:02:29]} Rd3 {[%emt 0:01:30]} 26. R4c3 {[%emt 0:00:37]} Rb3 {[%emt 0:05:58]} 27. Rxb3 {[%emt 0:00:31]} Rxb3 {[%emt 0:00:29]} 28. Nc3 {[%emt 0:00:07]} c4 {[%emt 0:06:52]} 29. h3 {[%emt 0:04:24]} Ba3 {[%emt 0:01:32]} 30. Rc2 {[%emt 0:00:25]} Bb4 {[%emt 0:01:08]} 31. Bd2 {[%emt 0:00:58]} Nc5 {[%emt 0:00:54]} 32. Kh2 {[%emt 0:03:34]} f5 {[%emt 0:04:09]} 33. a5 {[%emt 0:01:28]} Bxa5 {[%emt 0:01:02]} 0-1